000 00533nam a2200181Ia 4500
008 090123s9999 xx 000 0 und d
082 _b39395
100 _aनाईक मधुकर
245 _aगोरी बालगाणी
250 _a1
260 _bअनघा प्रकाशन
_c2006
300 _a23
600 _aनाईक मधुकर
630 _aगोरी बालगाणी
700 _aनाईक मधुकर
730 _aगोरी बालगाणी
942 _cBOOK
999 _c77465
_d77465